02241nam a2200445 450000500170000000800410001702000130005804000250007104100080009604400070010408200170011110000240012824501380015226000840029030000650037450000200043950504740045965000330093365000290096665000500099565000560104570000310110170000430113270000320117570000230120770000330123070000280126370000460129170000370133770000290137470000350140370000340143870000280147270000480150070000290154877300150157794200150159299900170160795201710162420160628112647.0150901b2012 ck bd|||r|||| 00| 0 spa d a2323072X aCO-BoIAVHcCO-BoIAVH0 aspa ack04a372.35bL91i1 aLucio, Jorgeeautor10aIndicadores de ciencia y tecnología, Colombia 2012 / cJorge Lucio, Diana Lucio-Arias, Sandra Carolina Rivera Torres.. [y otros 11] aBogotá (Colombia):bObservatorio Colombiano de Ciencia y Tecnología,c2012. a151 páginas : bmapas, gráficas y tablas ; c24 x 17 cm. aIncluye anexos. aCap. 1 Inversión en actividades de ciencia, tecnología e innovación. Cap. 2 Formación científica y tecnológica. Cap. 3 Capacidades nacionales de ciencia y tecnología. Cap. 4 Producción bibliográfica. Cap. 5 Títulos de propiedad industrial. Cap. 6 Innovación de la industria manufacturera. Cap. 7 Tecnologías de la información y las comunicaciones - TIC. Cap. 8 Departamento administrativo de Ciencia, Tecnología e Innovación - Colciencias. 4aColocienciasvEstadísticas 4aColcienciasvIndicadores 4aCiencia y tecnologíavIndicadoreszColombia 4aInvestigación científicavIndicadoreszColombia1 aLucio-Arias, Dianaeautora1 aRivera Torres, Sandra Carolinaeautora1 aTique Ortiz, Jinetheautora1 aMora, Henryeautor1 aPerea, Gloria Inéseautora1 aGuevara, Andreaeautora1 aCáredenas-Osorio, Jenny Fabiolaeautora1 aGalvis-Restrepo, Marcelaeautora1 aBarón, Vivianaeautora1 aCruz, Diana Angélicaeautora1 aColorado, Luis Albertoeautor1 aUsgame, Giovannieautor1 aSánchez Betancourt, Erika Patrciaeautora1 aCifuentes, Felipeeautor x2323-072XX 2ddccLIBRO c18846d18846 00102ddc40708GENERALIINV2017aBogotabBogotad2016-06-28eInstitutog39000.00l0oLB-372.35 L91ip058382r2016-06-28 00:00:00tEj. 1w2016-06-28xDonacionyLIBRO